| 000 | 00736nam a2200217 a 4500 | ||
|---|---|---|---|
| 001 | 000025193 | ||
| 005 | 20250621074007.0 | ||
| 008 | 110211s1985 dr 000 0 spa d | ||
| 040 |
_aDO-SdBNP _bspa _cBNPHU |
||
| 082 |
_a342.729307 _bR426L, 1985 |
||
| 110 | 1 |
_aRepública Dominicana _9447 |
|
| 240 | 1 | 0 | _a[Leyes, etc.] |
| 245 | 1 | 0 | _aLey electoral. |
| 260 |
_aSanto Domingo : _bJunta Central .Electoral, _c1985. |
||
| 300 |
_axxxix, 125 p. ; _c22 cm. |
||
| 590 | _aInventariado, 2018/ YL | ||
| 650 | 4 |
_aElecciones _xLegislación _zRepública Dominicana _9412 |
|
| 650 | 4 |
_aSufragio _xLegislación _zRepública Dominicana _927666 |
|
| 651 | 0 |
_aRepública Dominicana _xPolítica y gobierno _945 |
|
| 910 | _aValidado. Control de calidad MFF | ||
| 999 |
_c24686 _d24686 |
||